000 00788nam a22001937a 4500
999 _c371426
_d371426
008 201127b ||||| |||| 00| 0 eng d
040 _aDE-2950
_bger
_cDE-2950
_erda
041 _ager
245 _aStadt sucht Investor für neues Wohngebiet Märchenberge
_bImmobilien: Noch bis heute können sich Investoren für die Entwicklung des Gebietes im Süden der Stadt bewerben. Zum Projekt gehört auch der IB-Standort /
_cThomas Gutke
264 _c2022
653 _aFrankfurt (Oder)
653 _aWohnungsbau
653 _aEigenheimsiedlung
773 _dFrankfurt (Oder) Märkisches Verlags- und Druckhaus GmbH & Co KG
_tMärkische Oderzeitung
_g33. Jahrgang (2022) Nr. 38 vom 15.02.2022, S. 13
942 _cA